000 01052nam a22002417a 4500
003 OSt
005 20210225170155.0
008 210225s1996 ck ||||gr|||| 00| 0 spa d
020 _a9589288057
040 _aCO-JMCR
_cCO-JMCR
041 0 _aspa
082 0 4 _a342.861 /
_bM539t
_223
100 1 _aMendoza Palomino, Álvaro,
_eautor
_913988
245 1 0 _aTeoría y sinopsis de la constitución de 1991 /
_cÁlvaro Mendoza Palomino
250 _aSegunda edición
260 _aBogotá :
_bEdiciones doctrina de ley,
_c1996
300 _a452 páginas ;
_c24 cm
504 _aBibliografía : páginas 445-452.
505 _aidentificación del estado -- Determinación y organización territorial -- Determinación de la población -- Organización del poder publico -- Rama legislativa -- Rama ejecutiva -- Rama judicial -- Función económica y hacienda pública del estado Derechos deberes garantías -- Mecanismos de control -- Reforma constitucional
650 1 4 _aConstituciones
_98070
650 2 4 _aLey
_zColombia
_913989
942 _2ddc
_cBK
999 _c7342
_d7342